00354nam a2200109Ia 4500008004100000082001500041100002500056245005800081260003900139630001800178650004800196211109s9999||||xx |||||||||||||| ||und|| a821bSAI-M aSaintsbury, George,  0aMathew Arnold Writers Of The Dony I William Blackwood bNATIONAL BOOKSTALLaKottayamc1902 xGeneral Stack aEnglish LiteraturevEnglish PoetryxEnglish